| 000 | 006650000a22001930004500 | ||
|---|---|---|---|
| 041 | 0 | _aSPA | |
| 082 | 0 | 4 | _aG 306.08 C3316e |
| 100 | 1 | _aCarver, Freda | |
| 245 | 1 | 0 | _aEl emperador de los muertos / Freda Carver |
| 260 | _aGrand Rapids, MI., USA : TSELF | ||
| 300 | _a76 páginas | ||
| 505 | 0 | 0 | _aEl emperador de los muertos -- La pirámide del adivino -- El descubrimiento de María de los Ángeles -- Tras los muertos de piedra |
| 650 | 1 | 4 | _aMAYAS \ INDIGENAS - AMÉRICA DEL SUR \ AZTECAS \ COSTUMBRES INDIGENAS |
| 001 | 9426 | ||
| 942 | _cBK | ||
| 999 |
_c39440 _d39440 |
||
| 336 |
_atexto _btxt _2rdacontent |
||
| 337 |
_2rdamedia _asin mediación _bn |
||
| 338 |
_2rdacarrier _avolumen _bnc |
||